000
00306nam a22001337a 4500
008
170502b xxu||||| |||| 00| 0 eng d
020
_a
9780314206015
041
_a
eng
080
_2
11 ED
_a
343.9
100
_a
13
101
_a
SHJ
245
_a
MODERN CRIMINAL PROCEDURES
_c
KAMISAR.Y
942
_2
udc
_c
BK
999
_c
12483
_d
12483